| 000 | 01010 a2200205 4500 | ||
|---|---|---|---|
| 003 | Nust | ||
| 005 | 20221215111538.0 | ||
| 010 | _a 2010931379 | ||
| 020 | _a9789048194339 | ||
| 040 | _cNust | ||
| 082 | _a621.3822,SIN | ||
| 100 | 1 |
_aSinha, Virendra P. _998164 |
|
| 245 | 1 | 0 |
_aSymmetries and groups in signal processing / _cVirendra P. Sinha. |
| 260 |
_aNew York : _bSpringer, _c2010. |
||
| 300 | _ap. cm. | ||
| 505 | _aSignals and Signal Spaces: A Structural Viewpoint (Page-1), Algebraic Preliminaries (Page-43), Measurement, Modeling, and Metaphors (Page-69), Symmetries, Automorphisms and Groups (Page-81), Representations of Finite Groups. (Page-105), Signal Processing and Representation Theory (Page-143), A Parentheses, Their Proper Pairing, and Associativity (Page-151). | ||
| 856 | 4 | 2 |
_3Publisher description _uhttp://www.loc.gov/catdir/enhancements/fy1316/2010931379-d.html |
| 856 | 4 | 2 |
_3Table of contents only _uhttp://www.loc.gov/catdir/enhancements/fy1316/2010931379-t.html |
| 942 |
_2ddc _cBK |
||
| 999 |
_c213982 _d213982 |
||